000 00619nam a2200229Ia 4500
003 OSt
005 20221007081823.0
006 a|||||r|||| 00| 0
007 ta
008 221006b |||||||| |||| 00| 0 eng d
024 _a10,699
037 _cTextual
040 _aFLL
_cFLL
_beng
041 _2eng
_aeng
082 _aQ2:4, H6
100 _aKane Pandurang Vaman Au.
245 0 _aHistory of dharmasastra
260 _aPoona
_bBhandarkar Oriental reseach institute India
_c1946
300 _a1088p
_ccm.
942 _hQ2:4, H6
_cTEXL
_2CC
999 _c1164374
_d1164374